000 00772nam a2200253Ia 4500
003 OSt
005 20221005062740.0
006 a|||||r|||| 00| 0
007 ta
008 221004b |||||||| |||| 00| 0 eng d
020 _a9781906497385 (hbk)
_c395
024 _a102378
037 _b09-10594-C, 11/02/2010, Atlantic Publisher & Dist. Pvt Ltd.
_cTextual
040 _aCRL
_cCRL
_beng
041 _2eng
_aeng
082 _aY:49(Q).2, P9
100 _aTripathi Salil
_9602206
245 0 _aOffence
_bThe hindu case
260 _aLondon
_bSeagu
_c2009
300 _a117p
_ccm.
650 _aSOCIOLOGY
942 _hY:49(Q).2, P9
_cTEXL
_2cc
999 _c970209
_d970209